Hairat kada (Record no. 583547)

000 -LEADER
fixed length control field 00434nam a22001817a 4500
003 - CONTROL NUMBER IDENTIFIER
control field CEME
005 - DATE AND TIME OF LATEST TRANSACTION
control field 20210628210204.0
008 - FIXED-LENGTH DATA ELEMENTS--GENERAL INFORMATION
fixed length control field 210201b xxu||||| |||| 00| 0 eng d
020 ## - INTERNATIONAL STANDARD BOOK NUMBER
International Standard Book Number 969-35-0596-4
040 ## - CATALOGING SOURCE
Transcribing agency .
082 ## - DEWEY DECIMAL CLASSIFICATION NUMBER
Classification number 891.4392 ASH
100 ## - MAIN ENTRY--PERSONAL NAME
Personal name Ashfaq Ahmad
9 (RLIN) 3162
245 ## - TITLE STATEMENT
Title Hairat kada
260 ## - PUBLICATION, DISTRIBUTION, ETC.
Place of publication, distribution, etc. LAHORE
Name of publisher, distributor, etc. SANG-E-MEEL
Date of publication, distribution, etc. 2000
300 ## - PHYSICAL DESCRIPTION
Extent 319P
650 ## - SUBJECT ADDED ENTRY--TOPICAL TERM
Topical term or geographic name entry element URDU ADAB-DRAMA-HAIRAT KADA
9 (RLIN) 78426
942 ## - ADDED ENTRY ELEMENTS (KOHA)
Koha item type Book
Source of classification or shelving scheme
Holdings
Withdrawn status Lost status Source of classification or shelving scheme Damaged status Not for loan Permanent Location Current Location Shelving location Date acquired Total Checkouts Full call number Barcode Checked out Date last seen Date last checked out Price effective from Koha item type Shelving control number Public note
          College of Electrical & Mechanical Engineering (CEME) College of Electrical & Mechanical Engineering (CEME) General Stacks 03/02/2017 2 891.4392 ASH CEME-39862 12/25/2025 11/25/2025 11/25/2025 06/28/2021 Book    
          College of Electrical & Mechanical Engineering (CEME) College of Electrical & Mechanical Engineering (CEME) Fiction 07/27/2017   891.4392 ASH CEME-37124   06/28/2021   06/28/2021 Book Urdu Literature 1.0
© 2023 Central Library, National University of Sciences and Technology. All Rights Reserved.